[Event "Cztery pory roku w KKSz -  Jesien turnie"]
[Site "KKSz Krakow"]
[Date "2011.??.??"]
[Round "5.1"]
[White "Bukojemski, Adam"]
[Black "Wozny, Tomasz"]
[Result "1-0"]
[WhiteElo "2191"]
[BlackElo "1732"]
[PlyCount "75"]
[EventDate "2011.??.??"]

1. e4 d5 2. exd5 Qxd5 3. Nc3 Qa5 4. d4 c6 5. Bc4 Nf6 6. Nge2 Bf5 7. Ng3 e6 8.
Nxf5 Qxf5 9. Bd3 Qh5 10. Qxh5 Nxh5 11. O-O Nd7 12. a4 Be7 13. a5 a6 14. Bd2 O-O
15. Na4 Bd6 16. f4 Rac8 17. b4 Rfd8 18. Rab1 Nhf6 19. Rb3 Nd5 20. Nc5 Rb8 21.
g3 Nc7 22. Be3 b5 23. axb6 Rxb6 24. Ra1 Bxc5 25. dxc5 Rb7 26. Be4 Nb8 27. c4 f5
28. Bf3 Kf7 29. Kf2 Kf6 30. Bc1 Ke7 31. Bb2 Rd2+ 32. Ke3 Rxb2 33. Rxb2 g6 34.
Kd4 Kf7 35. Kc3 g5 36. Rd2 g4 37. Bg2 Ne8 38. Rd8 1-0

[Event "Cztery pory roku w KKSz -  Jesien turnie"]
[Site "KKSz Krakow"]
[Date "2011.??.??"]
[Round "5.2"]
[White "Krzeminski, Sebastian"]
[Black "Rawicz, Karol"]
[Result "1/2-1/2"]
[WhiteElo "1662"]
[BlackElo "2279"]
[PlyCount "71"]
[EventDate "2011.??.??"]

1. d4 g6 2. c4 Bg7 3. Nc3 Nf6 4. Nf3 O-O 5. Bg5 c5 6. d5 h6 7. Bh4 d6 8. e3 Qa5
9. Qd2 Bg4 10. Nb5 Qb6 11. Rb1 Ne4 12. Qc2 Qa5+ 13. Nd2 Nxd2 14. Qxd2 Qxa2 15.
Bd3 g5 16. Bg3 Nd7 17. O-O Ne5 18. Bxe5 dxe5 19. f3 Bd7 20. Ra1 Qb3 21. Ra3 Qb4
22. Qxb4 cxb4 23. Rxa7 Rxa7 24. Nxa7 Ra8 25. Nb5 e4 26. Bxe4 Bxb5 27. cxb5 Bxb2
28. Rb1 Bc3 29. d6 exd6 30. Bxb7 Rb8 31. Bc6 Kf8 32. Kf1 Ke7 33. Ke2 Ke6 34.
Kd3 d5 35. Kc2 Ke5 36. Rd1 1/2-1/2

[Event "Cztery pory roku w KKSz -  Jesien turnie"]
[Site "KKSz Krakow"]
[Date "2011.??.??"]
[Round "5.4"]
[White "Polek, Marek"]
[Black "Bus, Konrad"]
[Result "0-1"]
[WhiteElo "1746"]
[BlackElo "1889"]
[PlyCount "53"]
[EventDate "2011.??.??"]

1. e4 c5 2. Nf3 d6 3. d4 cxd4 4. Nxd4 Nf6 5. Nc3 a6 6. Be2 e6 7. Be3 Be7 8. O-O
O-O 9. f4 Nc6 10. Kh1 Qc7 11. Bf3 Bd7 12. g4 Nxd4 13. Bxd4 Bc6 14. f5 Nd7 15.
Rg1 Ne5 16. g5 exf5 17. Bxe5 dxe5 18. exf5 Rad8 19. Qf1 Rd2 20. Ne4 Rxc2 21.
Nf6+ Kh8 22. Ne4 Bc5 23. Rg3 Bxe4 24. Bxe4 Rxb2 25. f6 g6 26. Qh3 Rd8 27. Rc1
0-1

[Event "Cztery pory roku w KKSz -  Jesien turnie"]
[Site "KKSz Krakow"]
[Date "2011.??.??"]
[Round "5.5"]
[White "Deka, Konrad"]
[Black "Stebel, Jacek"]
[Result "1/2-1/2"]
[WhiteElo "1633"]
[BlackElo "1834"]
[PlyCount "120"]
[EventDate "2011.??.??"]

1. e4 d6 2. d4 Nf6 3. Nc3 g6 4. f4 Bg7 5. Nf3 O-O 6. Bc4 Nxe4 7. Nxe4 d5 8. Bd3
dxe4 9. Bxe4 c5 10. c3 Nd7 11. Bc2 cxd4 12. Nxd4 Nf6 13. O-O Qb6 14. Kh1 Rd8
15. Qe2 Bg4 16. Qf2 Be6 17. Nxe6 Qxe6 18. f5 Qc6 19. fxg6 hxg6 20. Bg5 Rd7 21.
Rae1 Qb5 22. Bc1 a6 23. Bb3 Rad8 24. Qh4 Qh5 25. Qxh5 gxh5 26. Rf5 e6 27. Rf3
Rd3 28. Rxd3 Rxd3 29. Bd1 Ng4 30. Bf3 Rd7 31. Kg1 Be5 32. h3 Bg3 33. Re4 Nf6
34. Rd4 Rxd4 35. cxd4 Nd5 36. Bxh5 Nb4 37. Bd2 Nxa2 38. Bf3 b6 39. d5 Bd6 40.
dxe6 fxe6 41. Bb7 a5 42. Be3 Bc7 43. Kf2 Nb4 44. Be4 a4 45. Kf3 Be5 46. Bd2 Nd5
47. Bxd5 exd5 48. Bc1 b5 49. Ke3 b4 50. Kd3 b3 51. g4 Kf7 52. h4 a3 53. bxa3 b2
54. Bxb2 Bxb2 55. a4 Be5 56. a5 Bb8 57. a6 Ba7 58. h5 Kf6 59. h6 Kg6 60. g5 Kh7
1/2-1/2

[Event "Cztery pory roku w KKSz -  Jesien turnie"]
[Site "KKSz Krakow"]
[Date "2011.??.??"]
[Round "5.6"]
[White "Celmer, Jan"]
[Black "Lewczuk, Antoni"]
[Result "1-0"]
[WhiteElo "1884"]
[BlackElo "1628"]
[PlyCount "57"]
[EventDate "2011.??.??"]

1. e4 b6 2. d4 e6 3. Bd3 Bb7 4. Nf3 Nc6 5. c3 g6 6. Bg5 f6 7. Be3 Bg7 8. h4 d5
9. h5 g5 10. e5 h6 11. Bg6+ Kd7 12. c4 dxc4 13. d5 Nxe5 14. Nxe5+ fxe5 15.
dxe6+ Kxe6 16. Qg4+ Ke7 17. Nc3 Nf6 18. Qxc4 Nd5 19. Rd1 c6 20. Be4 Ke6 21. b4
Qd6 22. b5 Qb4 23. Bxd5+ cxd5 24. Qxb4 d4 25. Qc4+ Kf5 26. Qf7+ Bf6 27. g4+
Kxg4 28. Qe6+ Kf3 29. Qh3# 1-0

[Event "Cztery pory roku w KKSz -  Jesien turnie"]
[Site "KKSz Krakow"]
[Date "2011.??.??"]
[Round "5.7"]
[White "Jedrocha, Katarzyna"]
[Black "Tikhonov, Valeri"]
[Result "0-1"]
[WhiteElo "1578"]
[BlackElo "1758"]
[Annotator "Doe,John"]
[PlyCount "98"]
[EventDate "2011.??.??"]

1. e4 e5 2. Nf3 Nf6 3. Nxe5 d6 4. Nf3 Nxe4 5. Nc3 Nxc3 6. dxc3 Be7 7. Bc4 O-O
8. Be3 Nd7 9. O-O Nf6 10. h3 d5 11. Bb3 c6 12. Re1 Re8 13. Qd3 h6 14. Rad1 Nh7
15. c4 dxc4 16. Qxd8 Rxd8 17. Rxd8+ Bxd8 18. Bxc4 Bf5 19. c3 Bf6 20. Bd4 Kf8
21. Bxf6 Nxf6 22. Rd1 Re8 23. Kf1 Be4 24. Nd4 Bd5 25. Bxd5 Nxd5 26. Nf5 Re5 27.
Ng3 Ke7 28. Rd4 g5 29. h4 f5 30. hxg5 hxg5 31. Ne2 f4 32. Rd3 Re4 33. Rh3 Nf6
34. Rh8 Ra4 35. Nc1 Ra5 36. f3 Rd5 37. Ke2 Ke6 38. Nb3 Ke7 39. Ra8 a6 40. Rb8
Rb5 41. Rh8 Nd7 42. Rh7+ Kd6 43. Rg7 a5 44. Rg6+ Kc7 45. c4 Re5+ 46. Kf2 a4 47.
Nd2 Nc5 48. b3 Nd3+ 49. Kf1 Re1# 0-1

[Event "Cztery pory roku w KKSz -  Jesien turnie"]
[Site "KKSz Krakow"]
[Date "2011.??.??"]
[Round "5.8"]
[White "Peronczyk, Karol"]
[Black "Kyc, Jerzy"]
[Result "0-1"]
[WhiteElo "1679"]
[BlackElo "1667"]
[PlyCount "64"]
[EventDate "2011.??.??"]

1. e4 c5 2. Nf3 d6 3. d4 cxd4 4. Nxd4 Nf6 5. Nc3 g6 6. f3 Bg7 7. Be3 Nc6 8. Qd2
O-O 9. Bc4 Bd7 10. O-O-O Na5 11. Bb3 Rb8 12. h4 b5 13. g4 Nc4 14. Bxc4 bxc4 15.
h5 Qa5 16. hxg6 fxg6 17. a3 Rb7 18. Qe2 Rc8 19. g5 Nh5 20. Rxh5 gxh5 21. Nd5
Be8 22. c3 Bf7 23. Nf5 Bf8 24. Qg2 Rcb8 25. Nb4 Qa4 26. g6 hxg6 27. Nh4 Kh7 28.
Rg1 Qe8 29. f4 Bh6 30. Kb1 a5 31. f5 Bxe3 32. fxg6+ Bxg6 0-1

[Event "Cztery pory roku w KKSz -  Jesien turnie"]
[Site "KKSz Krakow"]
[Date "2011.??.??"]
[Round "5.11"]
[White "Olkuski, Tadeusz"]
[Black "Stebel, Agata"]
[Result "0-1"]
[WhiteElo "1620"]
[BlackElo "1544"]
[PlyCount "98"]
[EventDate "2011.??.??"]

1. e4 d5 2. exd5 Nf6 3. c4 e6 4. dxe6 Bxe6 5. d4 Bb4+ 6. Nc3 Ne4 7. Bd2 Qxd4 8.
Nxe4 Qxe4+ 9. Be2 Bxd2+ 10. Qxd2 O-O 11. O-O-O Nc6 12. Nf3 Bxc4 13. Bd3 Bxd3
14. Qxd3 Qf4+ 15. Kb1 Rad8 16. Qb3 Qe4+ 17. Qc2 Qxc2+ 18. Kxc2 Rfe8 19. Rxd8
Rxd8 20. Re1 f6 21. Kc3 Kf7 22. a3 Re8 23. Rxe8 Kxe8 24. b4 Kd7 25. Kc4 Kd6 26.
h3 Ne5+ 27. Nxe5 fxe5 28. f3 a6 29. a4 g6 30. g3 h6 31. h4 Kc6 32. Kc3 Kd5 33.
Kd3 c5 34. bxc5 Kxc5 35. Ke4 b5 36. axb5 axb5 37. Kxe5 b4 38. Kf6 b3 39. Kxg6
b2 40. Kxh6 b1=Q 41. Kg5 Qd3 42. Kf4 Qd2+ 43. Kf5 Qh6 44. Kg4 Kd5 45. f4 Qg6+
46. Kf3 Qh5+ 47. Ke3 Qg4 48. Kf2 Ke4 49. Kg2 Ke3 0-1

[Event "Cztery pory roku w KKSz -  Jesien turnie"]
[Site "KKSz Krakow"]
[Date "2011.??.??"]
[Round "1.1"]
[White "Rawicz, Karol"]
[Black "Lewczuk, Antoni"]
[Result "1-0"]
[WhiteElo "2279"]
[BlackElo "1628"]
[PlyCount "93"]
[EventDate "2011.??.??"]

1. e4 b6 2. d4 Bb7 3. Bd3 e6 4. Nf3 Ne7 5. c4 Ng6 6. Nc3 Bb4 7. Qc2 Nc6 8. Be3
Nh4 9. Nxh4 Qxh4 10. O-O O-O 11. f4 Bxc3 12. Qxc3 Ne7 13. Rae1 f5 14. e5 g5 15.
Qd2 g4 16. Bf2 Qh6 17. Bc2 Ng6 18. Ba4 Rad8 19. Bg3 Qg7 20. d5 h5 21. Rd1 Qe7
22. d6 cxd6 23. Qxd6 Rf7 24. b3 h4 25. Be1 Rh7 26. Bb4 Qxd6 27. Rxd6 Rf7 28.
Ba3 Kg7 29. Bc1 g3 30. hxg3 hxg3 31. Rd3 Be4 32. Rxg3 Bc6 33. Bxc6 dxc6 34. Kf2
Rff8 35. Rh1 Rh8 36. Rxh8 Rxh8 37. Rd3 Rh1 38. Rd7+ Kh6 39. Be3 a5 40. Bxb6 Ra1
41. Rd2 Kh5 42. Kg3 Re1 43. Rd7 Kh6 44. Bd8 Nxe5 45. fxe5 Rxe5 46. Rd6 a4 47.
bxa4 1-0

[Event "Cztery pory roku w KKSz -  Jesien turnie"]
[Site "KKSz Krakow"]
[Date "2011.??.??"]
[Round "1.2"]
[White "Olkuski, Tadeusz"]
[Black "Bukojemski, Adam"]
[Result "0-1"]
[WhiteElo "1620"]
[BlackElo "2191"]
[PlyCount "48"]
[EventDate "2011.??.??"]

1. e4 c5 2. Nf3 d6 3. d4 cxd4 4. Nxd4 Nf6 5. Nc3 a6 6. Bg5 e6 7. f4 Qb6 8. Qd2
Nc6 9. Bxf6 gxf6 10. Nxc6 bxc6 11. Na4 Qb7 12. Be2 Bd7 13. O-O d5 14. e5 c5 15.
Nc3 f5 16. Rab1 Bc6 17. Bf3 h5 18. h3 Rg8 19. Kh2 Bh6 20. Qf2 Bxf4+ 21. Kh1 d4
22. Bxc6+ Qxc6 23. Ne2 Bxe5 24. Ng1 Bc7 0-1

[Event "Cztery pory roku w KKSz -  Jesien turnie"]
[Site "KKSz Krakow"]
[Date "2011.??.??"]
[Round "1.4"]
[White "Jedrocha, Katarzyna"]
[Black "Bus, Konrad"]
[Result "1/2-1/2"]
[WhiteElo "1578"]
[BlackElo "1889"]
[PlyCount "119"]
[EventDate "2011.??.??"]

1. e4 c5 2. Nf3 d6 3. d4 cxd4 4. Nxd4 Nf6 5. Nc3 a6 6. Bg5 e6 7. Qd2 h6 8. Bxf6
Qxf6 9. O-O-O Nc6 10. g3 Nxd4 11. Qxd4 Qxd4 12. Rxd4 Bd7 13. Bg2 Be7 14. Rhd1
Bc6 15. Kb1 O-O 16. f4 g5 17. R1d2 Rfd8 18. R4d3 b5 19. Ne2 Bb7 20. Nd4 Rac8
21. f5 e5 22. Ne2 b4 23. g4 a5 24. Ng3 Rc5 25. f6 Bxf6 26. Rxd6 Rxd6 27. Rxd6
Rc6 28. Rxc6 Bxc6 29. Nf5 Kh7 30. Nd6 Kg6 31. Kc1 Bd7 32. h3 Be6 33. Nb7 a4 34.
Nc5 a3 35. b3 Be7 36. Nxe6 fxe6 37. Kd2 Kf7 38. c3 Ke8 39. cxb4 Bxb4+ 40. Kd3
Kd7 41. Kc4 Bd2 42. Kb5 Kc7 43. Bf1 Be3 44. b4 Bd2 45. Ka4 Bc1 46. b5 Kb6 47.
Kb4 Kc7 48. Bc4 Kd6 49. Ka5 Be3 50. Ka6 Kc7 51. Bxe6 Bd4 52. Bd5 Be3 53. Ka5
Bd2+ 54. Ka4 Kb6 55. Bc6 Kc5 56. Kxa3 Ba5 57. Kb3 Be1 58. Be8 Ba5 59. a4 Bb6
60. Bc6 1/2-1/2

[Event "Cztery pory roku w KKSz -  Jesien turnie"]
[Site "KKSz Krakow"]
[Date "2011.??.??"]
[Round "1.5"]
[White "Celmer, Jan"]
[Black "Kreft, Wojciech"]
[Result "1-0"]
[WhiteElo "1884"]
[BlackElo "1557"]
[PlyCount "143"]
[EventDate "2011.??.??"]

1. e4 e5 2. Nf3 Nf6 3. Nxe5 d6 4. Nf3 Nxe4 5. d4 Be7 6. Be2 Bg4 7. h3 Bh5 8. c4
Bg6 9. Qb3 b6 10. O-O O-O 11. Re1 Nd7 12. Bd3 Ng5 13. Bxg5 Bxg5 14. Bxg6 hxg6
15. Nc3 Bh6 16. Nd5 Nf6 17. Ne7+ Kh7 18. Re2 Re8 19. Rae1 Qd7 20. c5 d5 21. c6
Qd6 22. Qc2 Ne4 23. Nxd5 Qxd5 24. Rxe4 Rxe4 25. Rxe4 Qxa2 26. g4 Qd5 27. Kg2
Qd8 28. h4 f5 29. Re6 fxg4 30. Qxg6+ Kh8 31. Ne5 Qxh4 32. Nxg4 Qg5 33. Qxg5
Bxg5 34. Re5 Bf4 35. Re7 Bd6 36. Rd7 b5 37. Ne3 a5 38. Nf5 Bf4 39. Ne7 Bd6 40.
Nf5 Bf4 41. Nxg7 Bc1 42. Ne6 Bxb2 43. Nxc7 Rc8 44. d5 b4 45. Nb5 a4 46. c7 Bf6
47. Rd6 Be7 48. Ra6 a3 49. d6 Bxd6 50. Rxd6 a2 51. Rd8+ Kh7 52. Rxc8 a1=Q 53.
Rb8 Qg7+ 54. Kf1 Qa1+ 55. Ke2 Qb2+ 56. Kd3 Qb3+ 57. Kd4 Qb2+ 58. Kc4 Qe2+ 59.
Kxb4 Qe4+ 60. Ka5 Qe1+ 61. Ka6 Qa1+ 62. Kb6 Qf6+ 63. Kb7 Qf3+ 64. Ka6 Qf6+ 65.
Rb6 Qa1+ 66. Kb7 Qh1+ 67. Kb8 Qh2 68. Ka8 Qxf2 69. Rb7 Qa2+ 70. Na7 Kh6 71.
c8=Q Qd5 72. Qc6+ 1-0

[Event "Cztery pory roku w KKSz -  Jesien turnie"]
[Site "KKSz Krakow"]
[Date "2011.??.??"]
[Round "1.7"]
[White "Czarkowski, Tomasz"]
[Black "Tikhonov, Valeri"]
[Result "1-0"]
[WhiteElo "1556"]
[BlackElo "1758"]
[PlyCount "57"]
[EventDate "2011.??.??"]

1. d4 Nf6 2. c4 g6 3. Nc3 Bg7 4. e4 O-O 5. e5 Ne8 6. Nf3 d6 7. Bf4 c5 8. dxc5
Nc6 9. cxd6 exd6 10. exd6 Bg4 11. Be2 Bxf3 12. Bxf3 Nd4 13. c5 Nxf3+ 14. Qxf3
b6 15. cxb6 axb6 16. O-O Nf6 17. Rfd1 Ra5 18. a3 Rf5 19. g4 Rc5 20. b4 Rxc3 21.
Qxc3 Nxg4 22. Qc7 Qf6 23. d7 Rd8 24. Qxd8+ Qxd8 25. Bc7 Qxd7 26. Rxd7 Bxa1 27.
Bxb6 Be5 28. Rd8+ Kg7 29. Bd4 1-0

[Event "Cztery pory roku w KKSz -  Jesien turnie"]
[Site "KKSz Krakow"]
[Date "2011.??.??"]
[Round "1.9"]
[White "Golda, Sebastian"]
[Black "Wozny, Tomasz"]
[Result "0-1"]
[WhiteElo "1510"]
[BlackElo "1732"]
[PlyCount "122"]
[EventDate "2011.??.??"]

1. e4 d5 2. exd5 Qxd5 3. Nc3 Qa5 4. Bc4 Bf5 5. d3 c6 6. h3 Nf6 7. Nf3 Nbd7 8.
Bd2 Qc7 9. a4 e6 10. Qe2 Bd6 11. O-O O-O 12. Nh4 Bg6 13. Nxg6 hxg6 14. Rfe1
Rad8 15. Rab1 Rfe8 16. b4 Nb6 17. Ba2 Nfd5 18. Ne4 Nxa4 19. Qf3 Bf4 20. Bxf4
Qxf4 21. Qxf4 Nxf4 22. g3 Nd5 23. Rb3 b5 24. c4 Nf6 25. Nd2 a5 26. Bb1 bxc4 27.
Nxc4 axb4 28. Rxb4 Nc3 29. Bc2 Nfd5 30. Rb7 Rb8 31. Ra7 Nb5 32. Ra2 Nb4 33. Rb2
Nxc2 34. Rxc2 Nd4 35. Rec1 Nxc2 36. Rxc2 Rec8 37. Ne5 Rb5 38. Rxc6 Rxc6 39.
Nxc6 e5 40. Kf1 Kf8 41. Ke2 Ke8 42. Ke3 Kd7 43. Nxe5+ Rxe5+ 44. Kf4 f6 45. d4
Re1 46. g4 Kd6 47. Kg3 Kd5 48. f4 Kxd4 49. h4 Ke4 50. Kf2 Re3 51. f5 gxf5 52.
g5 fxg5 53. hxg5 Kf4 54. Kg2 Ra3 55. g6 Rb3 56. Kh2 Kg4 57. Kg2 Rb2+ 58. Kf1 f4
59. Kg1 Kf3 60. Kh1 Kg3 61. Kg1 Rb1# 0-1

[Event "Cztery pory roku w KKSz -  Jesien turnie"]
[Site "KKSz Krakow"]
[Date "2011.??.??"]
[Round "1.3"]
[White "Zajac, Mateusz"]
[Black "Wilk, Maciej"]
[Result "1-0"]
[WhiteElo "1908"]
[BlackElo "1616"]
[PlyCount "121"]
[EventDate "2011.??.??"]

1. d4 d5 2. c4 dxc4 3. e3 a6 4. Bxc4 e6 5. Nf3 Nf6 6. Bb3 c5 7. O-O Nc6 8. Qe2
cxd4 9. Rd1 Bc5 10. exd4 Be7 11. Nc3 O-O 12. Bf4 Nb4 13. Ne5 h6 14. Rac1 Nbd5
15. Bd2 Bd7 16. Nxd5 Nxd5 17. Bxd5 exd5 18. Rc3 Bb5 19. Qg4 Bg5 20. Bxg5 Qxg5
21. Qxg5 hxg5 22. Rc7 f6 23. Nf3 Bc6 24. Re1 Rfe8 25. Ree7 Rxe7 26. Rxe7 Kf8
27. Re3 Re8 28. Rxe8+ Kxe8 29. Kf1 Kd7 30. Ke2 Ke6 31. Ke3 b6 32. a3 a5 33. Nd2
Kf5 34. Kf3 g4+ 35. Ke3 Bb5 36. Nb1 g5 37. Nc3 Bc6 38. b4 axb4 39. axb4 Ke6 40.
f3 gxf3 41. Kxf3 f5 42. h3 Kd6 43. g3 Ke6 44. h4 gxh4 45. gxh4 Kf6 46. Kf4 Kg6
47. Ke5 Kh5 48. Kxf5 Kxh4 49. Ke5 Kg4 50. Nxd5 b5 51. Kd6 Bb7 52. Nc7 Kf4 53.
Nxb5 Ke4 54. Kc5 Ba8 55. Nd6+ Kd3 56. b5 Kc3 57. b6 Bd5 58. Kxd5 Kb4 59. b7 Ka3
60. b8=Q Ka2 61. Nc4 1-0

[Event "Cztery pory roku w KKSz -  Jesien turnie"]
[Site "KKSz Krakow"]
[Date "2011.??.??"]
[Round "2.1"]
[White "Wozny, Tomasz"]
[Black "Rawicz, Karol"]
[Result "1/2-1/2"]
[WhiteElo "1732"]
[BlackElo "2279"]
[PlyCount "60"]
[EventDate "2011.??.??"]

1. d4 Nf6 2. Nf3 g6 3. c4 Bg7 4. Nc3 d5 5. cxd5 Nxd5 6. e4 Nxc3 7. bxc3 c5 8.
Be3 O-O 9. Qd2 Qa5 10. Rc1 cxd4 11. cxd4 Qxd2+ 12. Nxd2 f5 13. Bc4+ Kh8 14. f3
Nc6 15. e5 Na5 16. O-O Rd8 17. Nb3 Nxc4 18. Rxc4 Kg8 19. Rc7 Kf7 20. Rfc1 h6
21. f4 Be6 22. Rxb7 Rdc8 23. Rcc7 Rxc7 24. Rxc7 Rc8 25. Rc5 Rxc5 26. dxc5 Bd5
27. c6 Bxc6 28. Bxa7 Bd5 29. Kf2 Ke8 30. g3 Kd7 1/2-1/2

[Event "Cztery pory roku w KKSz -  Jesien turnie"]
[Site "KKSz Krakow"]
[Date "2011.??.??"]
[Round "2.2"]
[White "Bukojemski, Adam"]
[Black "Peronczyk, Karol"]
[Result "1-0"]
[WhiteElo "2191"]
[BlackElo "1679"]
[PlyCount "103"]
[EventDate "2011.??.??"]

1. e4 c5 2. Nf3 d6 3. d4 cxd4 4. Nxd4 Nf6 5. Nc3 g6 6. Be3 Bg7 7. f3 O-O 8. Qd2
Nc6 9. O-O-O Bd7 10. Kb1 Ne5 11. Bh6 Rc8 12. h4 Nc4 13. Bxc4 Rxc4 14. Bxg7 Kxg7
15. h5 e5 16. Ndb5 Be6 17. hxg6 fxg6 18. Qh6+ Kg8 19. Rxd6 Qe7 20. Rd3 Rc5 21.
Nd6 b5 22. Qe3 Rc6 23. Rhd1 b4 24. Ne2 Qc7 25. Qd2 Bxa2+ 26. Kxa2 Qa5+ 27. Ra3
Qc7 28. Qxb4 Rb8 29. Nb5 Qb7 30. Qb3+ Kh8 31. c4 a6 32. Nec3 axb5 33. Nxb5 Qc8
34. Qd3 Qe6 35. b3 Qe7 36. g4 Rb7 37. Qd8+ Qxd8 38. Rxd8+ Kg7 39. Kb2 h5 40.
gxh5 gxh5 41. Nd6 Rbb6 42. Nf5+ Kg6 43. Ne7+ Kg5 44. Nxc6 Rxc6 45. Kc3 Kf4 46.
b4 Kxf3 47. b5 Re6 48. Kb4+ Kxe4 49. Ra6 Re8 50. Rxe8 Nxe8 51. b6 Nd6 52. c5
1-0

[Event "Cztery pory roku w KKSz -  Jesien turnie"]
[Site "KKSz Krakow"]
[Date "2011.??.??"]
[Round "2.3"]
[White "Kyc, Jerzy"]
[Black "Zajac, Mateusz"]
[Result "0-1"]
[WhiteElo "1667"]
[BlackElo "1908"]
[PlyCount "70"]
[EventDate "2011.??.??"]

1. e4 c5 2. Nf3 d6 3. d4 cxd4 4. Nxd4 Nf6 5. Nc3 a6 6. Bg5 e6 7. f4 Qb6 8. a3
Nc6 9. Nxc6 bxc6 10. Rb1 d5 11. Bxf6 gxf6 12. exd5 cxd5 13. Qd2 f5 14. b4 Bd7
15. Bd3 Rg8 16. Qf2 Qc7 17. Ne2 Bb5 18. O-O Be7 19. Rfe1 Rg4 20. Qe3 Kf8 21. g3
h5 22. Kf2 h4 23. Nd4 Bxd3 24. Qxd3 Bf6 25. Nf3 Qb6+ 26. Kg2 Rc8 27. Ne5 Bxe5
28. Rxe5 Rc4 29. Kh3 hxg3 30. hxg3 Qc6 31. Rb3 Rxc2 32. a4 d4 33. Qf3 Qxa4 34.
b5 Qa2 35. Qh1 Qxb3 0-1

[Event "Cztery pory roku w KKSz -  Jesien turnie"]
[Site "KKSz Krakow"]
[Date "2011.??.??"]
[Round "2.4"]
[White "Krzeminski, Sebastian"]
[Black "Celmer, Jan"]
[Result "1-0"]
[WhiteElo "1662"]
[BlackElo "1884"]
[PlyCount "73"]
[EventDate "2011.??.??"]

1. d4 Nf6 2. c4 g6 3. Nf3 Bg7 4. Nc3 d6 5. Bg5 O-O 6. e3 Nbd7 7. Rc1 c5 8. d5
h6 9. Bh4 g5 10. Bg3 Nh5 11. Bd3 Nxg3 12. hxg3 g4 13. Nh4 Ne5 14. Be2 a6 15. f4
gxf3 16. gxf3 f5 17. Ng2 Ng6 18. f4 Bd7 19. g4 fxg4 20. Bxg4 b5 21. Be6+ Bxe6
22. dxe6 bxc4 23. Qg4 Rf6 24. Ne4 Qf8 25. Rc2 d5 26. Nxf6+ Qxf6 27. Rh5 Rd8 28.
Qf5 Qxf5 29. Rxf5 Nf8 30. Nh4 Nxe6 31. Rg2 Nf8 32. Ng6 e6 33. Ne7+ Kh8 34. Rf7
c3 35. Rfxg7 cxb2 36. Rg8+ Kh7 37. R2g7# 1-0

[Event "Cztery pory roku w KKSz -  Jesien turnie"]
[Site "KKSz Krakow"]
[Date "2011.??.??"]
[Round "2.6"]
[White "Bus, Konrad"]
[Black "Czarkowski, Tomasz"]
[Result "1-0"]
[WhiteElo "1889"]
[BlackElo "1556"]
[PlyCount "95"]
[EventDate "2011.??.??"]

1. d4 d5 2. c4 Nf6 3. Nc3 e6 4. cxd5 Nxd5 5. e4 Nxc3 6. bxc3 g6 7. Nf3 Bg7 8.
Ba3 b6 9. Bc4 c5 10. O-O cxd4 11. cxd4 Bb7 12. Re1 a6 13. Rc1 b5 14. Bb3 a5 15.
Qe2 Ba6 16. Bb2 O-O 17. Qe3 a4 18. Bc2 Bb7 19. Ba3 Re8 20. Bd3 Qb6 21. Bc5 Qc6
22. Ne5 Bxe5 23. dxe5 Qd7 24. Bd6 Bc6 25. Qc5 Ra6 26. h4 Qb7 27. Qe3 Kg7 28.
Qg5 Nd7 29. Re3 Raa8 30. h5 h6 31. Qg4 g5 32. f4 f6 33. Kh2 Kf7 34. Rf1 Rg8 35.
exf6 Nxf6 36. fxg5 Rxg5 37. Qf4 Rxh5+ 38. Kg1 Kg8 39. Qxf6 Qg7 40. Rg3 Rg5 41.
Rxg5 hxg5 42. Qxe6+ Kh7 43. Rf7 Re8 44. Rxg7+ Kxg7 45. Be5+ Kh7 46. Qf7+ Kh6
47. Bg7+ Kh7 48. e5+ 1-0

[Event "Cztery pory roku w KKSz -  Jesien turnie"]
[Site "KKSz Krakow"]
[Date "2011.??.??"]
[Round "2.7"]
[White "Deka, Konrad"]
[Black "Jedrocha, Katarzyna"]
[Result "1-0"]
[WhiteElo "1633"]
[BlackElo "1578"]
[PlyCount "63"]
[EventDate "2011.??.??"]

1. e4 d6 2. d4 Nf6 3. Nc3 g6 4. f4 Bg7 5. Nf3 O-O 6. Bc4 b6 7. O-O c5 8. e5 Ne8
9. Bd5 Ba6 10. Re1 Nc6 11. Bxc6 Rc8 12. Bxe8 Rxe8 13. Be3 f6 14. Qd2 fxe5 15.
fxe5 Bb7 16. exd6 exd6 17. dxc5 dxc5 18. Qxd8 Rcxd8 19. Kf2 Rd7 20. Rad1 Red8
21. Rxd7 Rxd7 22. Rd1 Rxd1 23. Nxd1 Kf7 24. c3 Kf6 25. Bf4 Kf5 26. Bb8 a6 27.
Ne3+ Ke4 28. Ba7 Bh6 29. Nc4 Kd3 30. Nfe5+ Kc2 31. Bxb6 Bd5 32. Bxc5 1-0

[Event "Cztery pory roku w KKSz -  Jesien turnie"]
[Site "KKSz Krakow"]
[Date "2011.??.??"]
[Round "2.9"]
[White "Lewczuk, Antoni"]
[Black "Debowska, Michalina"]
[Result "1-0"]
[WhiteElo "1628"]
[BlackElo "1519"]
[PlyCount "97"]
[EventDate "2011.??.??"]

1. c4 c5 2. g3 g6 3. b3 Bg7 4. Nc3 e5 5. Bg2 Nc6 6. Bb2 Nf6 7. e3 d6 8. Nge2
O-O 9. O-O Qe7 10. d4 cxd4 11. exd4 exd4 12. Nxd4 Nxd4 13. Qxd4 Bf5 14. Rad1
Rfd8 15. Nd5 Qe5 16. Qxe5 dxe5 17. Bxe5 Nxd5 18. Bxg7 Kxg7 19. Rxd5 Rxd5 20.
Bxd5 Rb8 21. Re1 b6 22. Re7 a5 23. Rxf7+ Kh6 24. Kg2 Bb1 25. a3 Bc2 26. b4 axb4
27. axb4 Bb3 28. Rf3 Ba2 29. Ra3 Bb1 30. Ra1 Bc2 31. Rc1 Bd3 32. Rc3 Bb1 33. b5
Rd8 34. f3 Bf5 35. g4 Bb1 36. h4 Ba2 37. Kg3 Rd7 38. Re3 Rc7 39. Rc3 Re7 40.
Be4 Rc7 41. Bc6 Re7 42. c5 bxc5 43. Rxc5 Bb3 44. Be4 Ba4 45. b6 Re8 46. b7 Bd7
47. Rc7 Be6 48. g5+ Kh5 49. Rxh7# 1-0

[Event "Cztery pory roku w KKSz -  Jesien turnie"]
[Site "KKSz Krakow"]
[Date "2011.??.??"]
[Round "2.11"]
[White "Wilk, Maciej"]
[Black "Golda, Sebastian"]
[Result "1-0"]
[WhiteElo "1616"]
[BlackElo "1510"]
[PlyCount "85"]
[EventDate "2011.??.??"]

1. e4 e5 2. Nf3 Nc6 3. d4 exd4 4. Nxd4 Nf6 5. Nc3 Bb4 6. Nxc6 bxc6 7. Bd3 h6 8.
O-O O-O 9. Bd2 d6 10. h3 Re8 11. Re1 Nh7 12. a3 Bc5 13. Na4 Bd4 14. c3 Bf6 15.
Qc2 Nf8 16. b4 Ne6 17. Nb2 Be5 18. Nc4 Bf4 19. Rad1 Qg5 20. Ne3 Nf8 21. Kf1 Ng6
22. Nf5 Bxf5 23. exf5 Rxe1+ 24. Kxe1 Nh4 25. Be4 Re8 26. Kf1 Bxd2 27. Bxc6 Re7
28. Qxd2 Qxf5 29. Re1 Rxe1+ 30. Qxe1 Ng6 31. Be4 Qh5 32. Bxg6 fxg6 33. Qe8+ Kh7
34. Qe2 Qg5 35. Qe3 Qf6 36. Qd4 Qg5 37. Qe3 Qf6 38. a4 d5 39. a5 a6 40. Qd4
Qxd4 41. cxd4 Kg8 42. b5 axb5 43. a6 1-0

[Event "Cztery pory roku w KKSz -  Jesien turnie"]
[Site "KKSz Krakow"]
[Date "2011.??.??"]
[Round "3.1"]
[White "Bukojemski, Adam"]
[Black "Krzeminski, Sebastian"]
[Result "1-0"]
[WhiteElo "2191"]
[BlackElo "1662"]
[PlyCount "105"]
[EventDate "2011.??.??"]

1. e4 c6 2. Nc3 d5 3. Nf3 Bg4 4. Be2 e6 5. d3 Bb4 6. Bd2 Nd7 7. O-O Ne7 8. h3
Bh5 9. Kh1 O-O 10. Nxd5 Nxd5 11. exd5 Bxd2 12. dxc6 Ba5 13. cxd7 Bxf3 14. Bxf3
Qxd7 15. Qe2 Rac8 16. Rfd1 b5 17. d4 Bb6 18. Rac1 Bc7 19. c3 b4 20. c4 Qa4 21.
b3 Qa5 22. g3 Rfd8 23. Kg2 g6 24. h4 h5 25. Rd3 Rd7 26. Rcd1 Rcd8 27. Bc6 Rd6
28. Be4 Bb8 29. f4 Qc7 30. d5 exd5 31. Bxd5 a5 32. Re3 R6d7 33. Re1 Ba7 34.
Re8+ Kg7 35. Qb2+ f6 36. R8e6 Rf8 37. Rc6 Qd8 38. Ree6 Rff7 39. Qe2 Rfe7 40. f5
gxf5 41. Qxh5 Rxe6 42. Bxe6 Re7 43. Bxf5 Qd2+ 44. Kh3 Qh6 45. Qg4+ Kf8 46. Rc8+
Re8 47. Rxe8+ Kxe8 48. Qe4+ Kd8 49. Qa8+ Ke7 50. Qxa7+ Kd6 51. Qd7+ Kc5 52.
Qd5+ Kb6 53. c5+ 1-0

[Event "Cztery pory roku w KKSz -  Jesien turnie"]
[Site "KKSz Krakow"]
[Date "2011.??.??"]
[Round "3.3"]
[White "Rawicz, Karol"]
[Black "Deka, Konrad"]
[Result "1/2-1/2"]
[WhiteElo "2279"]
[BlackElo "1633"]
[PlyCount "66"]
[EventDate "2011.??.??"]

1. e4 c5 2. Nf3 d6 3. d4 cxd4 4. Nxd4 Nf6 5. Nc3 g6 6. Be3 Nc6 7. f3 Bg7 8. Qd2
O-O 9. O-O-O Nxd4 10. Bxd4 Be6 11. Kb1 Qc7 12. g4 Rfc8 13. h4 Qa5 14. Qg5 Qxg5
15. hxg5 Nd7 16. Be2 Bxd4 17. Rxd4 Rc5 18. Nd5 Bxd5 19. exd5 Rac8 20. c4 Ne5
21. b3 b5 22. f4 Nd7 23. cxb5 Nb6 24. Rhd1 Rc2 25. R4d2 Rxd2 26. Rxd2 Rc5 27.
b4 Rxd5 28. Kc2 Kf8 29. Rxd5 Nxd5 30. Bc4 Nxf4 31. a4 Ke8 32. a5 Kd7 33. Bxf7
d5 1/2-1/2